| 000 | 00380nam a2200133Ia 4500 | ||
|---|---|---|---|
| 008 | 231129s9999||||xx |||||||||||||| ||spa|| | ||
| 020 | _a84-206-1721-0 | ||
| 040 | _bspa | ||
| 082 | _aEU813 L897c | ||
| 100 | _aLovecraft Howard Philips | ||
| 245 | 0 | _aEl caso de Charles Dexter Ward | |
| 264 | _aMadrid (EspaƱa) : Alianza | ||
| 942 |
_2ddc _cBKS |
||
| 999 |
_c10518 _d10518 |
||